000 00233nam a2200109Ia 4500
999 _c8126
_d8126
020 _a 978-9352866717
100 _aStalling, William
245 0 _aOperating Systems
260 _aUSA
_b McGraw Hill
_c2000
300 _a718
942 _cBK